00865nam a2200241 a 450000100100000000500170001000800410002702000150006804000250008308200180010810000230012624000440014924501510019326000600034430000260040449000120043053400600044265000210050265000230052370000300054670000280057683000190060400002473420200930023334.0110203s1976 mx r 000 0 spa d a8437500516 aDO-SdBNPbspacBNPHU a824.91bM498m1 aMehta, Ved,d1934-10aThe fly and the fly-bottle.lEspañol.10aLa mosca y el frasco :bencuentros con intelectuales británicos /cVed Mehta ; traducción del inglés de Augusto Monterroso y Edmundo Flores. aMéxico, D. F. :bFondo de Cultura Económica,c1976. a261, [2] p. ;c17 cm.1 aPopular aTítulo original inglés:tThe fly and the fly-bottle 4aEnsayos ingleses 4aLiteratura inglesa1 aMonterroso, Augusto,etr.1 aFlóres, Edmundo,etr. 0aPopular ;v156